Twentieth Century Europe Politics, Society, Culture. (Record no. 5964)

MARC details
005 - DATE AND TIME OF LATEST TRANSACTION
control field 20250628104221.0
020 ## - INTERNATIONAL STANDARD BOOK NUMBER
International Standard Book Number 0-07-016052-X
082 ## - DEWEY DECIMAL CLASSIFICATION NUMBER
Classification number 940 5 DIS
100 ## - MAIN ENTRY--PERSONAL NAME
Author name DISCALA, S. M.
245 ## - TITLE STATEMENT
Title Twentieth Century Europe Politics, Society, Culture.
260 ## - PUBLICATION, DISTRIBUTION, ETC.
Place of publication, distribution, etc. New York,
Name of publisher, distributor, etc. McGraw Hill,
Date of publication, distribution, etc. 2004.
300 ## - PHYSICAL DESCRIPTION
Extent xliii, 778p.: ill.; picture
Other physical details Index
Dimensions 28cm
942 ## - ADDED ENTRY ELEMENTS (KOHA)
Source of classification or shelving scheme Dewey Decimal Classification
Koha item type Books
Holdings
Date last seen Total checkouts Full call number Barcode Cost, replacement price Price effective from Koha item type Lost status Source of classification or shelving scheme Damaged status Not for loan Withdrawn status Home library Current library Shelving location Date acquired Cost, normal purchase price
06/28/2025   940.5 DIS DOM0002631 90000.00 06/28/2025 Books   Dewey Decimal Classification       CBE Dodoma CBE Dodoma General Collection 06/28/2025 30000.00
06/28/2025   940.5DIS DOM0003499 255000.00 06/28/2025 Books   Dewey Decimal Classification       CBE Dodoma CBE Dodoma General Collection 06/28/2019 85000.00